[Event "IBCA Wch blind 14th"]
[Site "Cagliari"]
[Date "2019.04.13"]
[Round "8"]
[White "Hengles, Roberto Carlos"]
[Black "Riegler, Dieter"]
[Result "0-1"]
[WhiteElo "1740"]
[BlackElo "1956"]
[PlyCount "50"]
[EventDate "2019.04.06"]
[EventType "swiss"]
[EventRounds "9"]
[EventCountry "ITA"]
[SourceTitle "CBM 189 Extra"]
[Source "ChessBase"]
[SourceDate "2019.06.03"]
[SourceVersion "1"]
[SourceVersionDate "2019.06.03"]
[SourceQuality "1"]

1. e4 c5 2. Nf3 d6 3. d4 cxd4 4. Nxd4 Nf6 5. Nc3 Nc6 6. Bg5 e6 7. f4 h6 8. Bxf6 Qxf6 9. Nxc6 bxc6 10. Qf3 Qd4 11. e5 d5 12. Nd1 Rb8 13. c3 Qb6 14. Bd3 Be7 15. g4 Bh4+ 16. Ke2 Ba6 17. Rf1 0-0 18. Qh3 Bxd3+ 19. Qxd3 Rfd8 20. Rc1 c5 21. Kf3 Qc6 22. Kg2 d4+ 23. Kh3 dxc3 24. Qxc3 Be7 25. Rf3 Rb4 0-1

[Event "IBCA Wch blind 14th"]
[Site "Cagliari"]
[Date "2019.04.11"]
[Round "6"]
[White "Hengles, Roberto Carlos"]
[Black "Morariu, Ionel"]
[Result "0-1"]
[WhiteElo "1740"]
[BlackElo "1862"]
[PlyCount "76"]
[EventDate "2019.04.06"]
[EventType "swiss"]
[EventRounds "9"]
[EventCountry "ITA"]
[SourceTitle "CBM 189 Extra"]
[Source "ChessBase"]
[SourceDate "2019.06.03"]
[SourceVersion "1"]
[SourceVersionDate "2019.06.03"]
[SourceQuality "1"]

1. e4 c5 2. Nf3 a6 3. d4 cxd4 4. Nxd4 Nf6 5. Bd3 e5 6. Ne2 b5 7. 0-0 Bb7 8. Ng3 d5 9. Re1 dxe4 10. Be2 Qxd1 11. Bxd1 Bc5 12. Nc3 Bb4 13. Bd2 a5 14. Be2 Bc6 15. Bxb5 0-0 16. Bxc6 Nxc6 17. Ngxe4 Nxe4 18. Rxe4 Rad8 19. Be1 f5 20. Rc4 Nd4 21. Na4 Bxe1 22. Rxe1 e4 23. Rc7 g6 24. Rc4 Ne6 25. Kf1 Nf4 26. g3 Nh3 27. Re2 Rd1+ 28. Re1 Rd2 29. Re2 Rfd8 30. Rxd2 Rxd2 31. Kg2 Nxf2 32. Rc8+ Kg7 33. Nc5 Kh6 34. Ne6 Ng4+ 35. Kg1 Nxh2 36. c4 Nf3+ 37. Kf1 e3 38. Nf4 Rf2# 0-1

[Event "Registro Hirota Memorial U2200 3rd"]
[Site "Registro"]
[Date "2018.07.28"]
[Round "1.10"]
[White "Curcio, Demy Yamamaru"]
[Black "Hengles, Roberto Carlos"]
[Result "0-1"]
[WhiteElo "1322"]
[BlackElo "1785"]
[PlyCount "22"]
[EventDate "2018.07.28"]
[EventType "swiss"]
[EventRounds "6"]
[EventCountry "BRA"]
[SourceTitle "EXT 2022"]
[Source "ChessBase"]
[SourceDate "2021.10.06"]
[SourceVersion "1"]
[SourceVersionDate "2021.10.06"]
[SourceQuality "1"]

1. e4 c5 2. Bc4 e6 3. Nc3 Nc6 4. Nf3 a6 5. a4 Qc7 6. 0-0 Nf6 7. d3 Be7 8. Be3 0-0 9. h3 Rd8 10. Qe2 d5 11. exd5 exd5 0-1

[Event "Brasilia Terraviva op"]
[Site "Brasilia"]
[Date "2017.01.08"]
[Round "5"]
[White "Hengles, Roberto Carlos"]
[Black "Baeta, Marcio Netto"]
[Result "0-1"]
[WhiteElo "1767"]
[BlackElo "2047"]
[PlyCount "66"]
[EventDate "2017.01.06"]
[EventType "swiss"]
[EventRounds "6"]
[EventCountry "BRA"]
[SourceTitle "CBM 176 Extra"]
[Source "ChessBase"]
[SourceDate "2017.03.02"]
[SourceVersion "1"]
[SourceVersionDate "2017.03.02"]
[SourceQuality "1"]

1. e4 c5 2. Nf3 e6 3. d4 cxd4 4. Nxd4 Nf6 5. Nc3 Nc6 6. Nxc6 bxc6 7. e5 Nd5 8. Nxd5 cxd5 9. Bd3 d6 10. f4 dxe5 11. fxe5 Qc7 12. 0-0 Bc5+ 13. Kh1 Bb7 14. Qh5 g6 15. Qf3 f6 16. exf6 Kf7 17. Bh6 e5 18. Bf5 Bf8 19. Qh3 Bc8 20. Qb3 gxf5 21. Qxd5+ Kxf6 22. Qxa8 Bxh6 23. Qf3 Rg8 24. Rf2 Rg6 25. Rd1 Bf4 26. Qa3 Kg7 27. Rd3 e4 28. Qc3+ Rf6 29. Rxf4 Qxf4 30. Rg3+ Kf7 31. Qb3+ Re6 32. Qe3 Rd6 33. Qxa7+ Bd7 0-1

[Event "Florianopolis Winter U220 op"]
[Site "Florianopolis"]
[Date "2016.08.20"]
[Round "4"]
[White "Braz AG, Julia Lorena"]
[Black "Hengles, Roberto Carlos"]
[Result "0-1"]
[WhiteElo "1737"]
[BlackElo "1767"]
[PlyCount "44"]
[EventDate "2016.08.19"]
[EventType "swiss"]
[EventRounds "7"]
[EventCountry "BRA"]
[SourceTitle "CBM 174 Extra"]
[Source "ChessBase"]
[SourceDate "2016.10.10"]
[SourceVersion "1"]
[SourceVersionDate "2016.10.10"]
[SourceQuality "1"]

1. e3 e5 2. Nf3 e4 3. Ng1 Nf6 4. Nc3 d5 5. d3 Bd6 6. dxe4 dxe4 7. Be2 0-0 8. Nh3 Bxh3 9. gxh3 Nc6 10. Bd2 Ne5 11. Bf1 Nf3+ 12. Ke2 Qd7 13. Bg2 Qf5 14. Kf1 Nxd2+ 15. Qxd2 Rad8 16. Qe2 Be5 17. Rd1 Bxc3 18. bxc3 Qe6 19. Rxd8 Rxd8 20. a3 Qa2 21. Qb5 Rd1+ 22. Ke2 Qxc2# 0-1

[Event "Florianopolis Winter U220 op"]
[Site "Florianopolis"]
[Date "2016.08.19"]
[Round "1"]
[White "Hengles, Roberto Carlos"]
[Black "Gazola, Andre Augusto"]
[Result "0-1"]
[WhiteElo "1767"]
[BlackElo "2099"]
[PlyCount "43"]
[EventDate "2016.08.19"]
[EventType "swiss"]
[EventRounds "7"]
[EventCountry "BRA"]
[SourceTitle "CBM 174 Extra"]
[Source "ChessBase"]
[SourceDate "2016.10.10"]
[SourceVersion "1"]
[SourceVersionDate "2016.10.10"]
[SourceQuality "1"]

1. e4 c5 2. Nf3 d6 3. c3 Nf6 4. Be2 Nc6 5. d4 cxd4 6. cxd4 e6 7. Nc3 Be7 8. d5 exd5 9. exd5 Ne5 10. 0-0 0-0 11. h3 Nxf3+ 12. Bxf3 Bf5 13. Qb3 Qd7 14. Re1 Rfe8 15. Bg5 h6 16. Bh4 Nh7 17. Bxe7 Rxe7 18. g4 Bg6 19. Qb5 Rc8 20. Qxd7 Rxd7 21. Re3 Kf8 22. Rae1 0-1

[Event "Florianopolis op 2nd"]
[Site "Florianopolis"]
[Date "2016.01.16"]
[Round "1"]
[White "Hengles, Roberto Carlos"]
[Black "Rodi, Luis Ernesto"]
[Result "0-1"]
[WhiteElo "1791"]
[BlackElo "2346"]
[PlyCount "53"]
[EventDate "2016.01.16"]
[EventType "swiss"]
[EventRounds "10"]
[EventCountry "BRA"]
[SourceTitle "CBM 170 Extra"]
[Source "ChessBase"]
[SourceDate "2016.02.25"]
[SourceVersion "1"]
[SourceVersionDate "2016.02.25"]
[SourceQuality "1"]

1. e4 e5 2. Nf3 Nc6 3. d4 exd4 4. Nxd4 Nf6 5. Nc3 Bc5 6. Nb3 Bb6 7. Bg5 h6 8. Bh4 d6 9. Qd2 Nxe4 10. Qf4 Ng5 11. 0-0-0 Be6 12. Bb5 0-0 13. Rhe1 Ne5 14. Bd3 f6 15. Qg3 Nxd3+ 16. Rxd3 Bc4 17. Rdd1 Re8 18. f4 Nh7 19. Nd2 Bf7 20. Nde4 Kh8 21. Qh3 Qc8 22. f5 Re5 23. g4 Qe8 24. Rg1 Bxg1 25. Rxg1 Rxe4 26. Nxe4 Qxe4 27. Bg3 0-1

[Event "BRA-ch para Deficientes Visuais sf"]
[Site "Caraguatatuba"]
[Date "2015.09.20"]
[Round "5.2"]
[White "Ricieri, Antonio Marcos"]
[Black "Hengles, Roberto Carlos"]
[Result "0-1"]
[WhiteElo "1405"]
[BlackElo "1792"]
[PlyCount "73"]
[EventDate "2015.09.18"]
[EventType "swiss"]
[EventRounds "5"]
[EventCountry "BRA"]
[SourceTitle "EXT 2022"]
[Source "ChessBase"]
[SourceDate "2021.10.06"]
[SourceVersion "1"]
[SourceVersionDate "2021.10.06"]
[SourceQuality "1"]

1. e4 d5 2. exd5 Qxd5 3. Nc3 Qa5 4. d4 Nf6 5. Bf4 e6 6. a3 c6 7. Nf3 Ne4 8. Qd3 Nxc3 9. Qxc3 Qxc3+ 10. bxc3 Nd7 11. Bd3 Nf6 12. 0-0 Be7 13. a4 0-0 14. Rab1 Rd8 15. Bc7 Rd7 16. Ba5 Bd6 17. Bb4 Rd8 18. Ba5 b6 19. Bb4 c5 20. dxc5 Bxc5 21. Ne5 Bxb4 22. cxb4 Rd5 23. Nc6 Kf8 24. Rbd1 Bd7 25. Bc4 Rxd1 26. Rxd1 Bxc6 27. Rd6 Bxa4 28. c3 Ke7 29. Rd2 Rd8 30. Rxd8 Kxd8 31. Kf1 Ne4 32. Ke1 Nxc3 33. Kd2 Ne4+ 34. Ke3 Nd6 35. Bd3 Bb5 36. Bxb5 Nxb5 37. Ke4 0-1

[Event "BRA-ch para Deficientes Visuais sf"]
[Site "Caraguatatuba"]
[Date "2015.09.18"]
[Round "1.2"]
[White "Ricieri, Vanilda De Andrade"]
[Black "Hengles, Roberto Carlos"]
[Result "0-1"]
[WhiteElo "1383"]
[BlackElo "1792"]
[PlyCount "66"]
[EventDate "2015.09.18"]
[EventType "swiss"]
[EventRounds "5"]
[EventCountry "BRA"]
[SourceTitle "EXT 2022"]
[Source "ChessBase"]
[SourceDate "2021.10.06"]
[SourceVersion "1"]
[SourceVersionDate "2021.10.06"]
[SourceQuality "1"]

1. e4 e6 2. d4 d5 3. Nc3 dxe4 4. Nxe4 Nf6 5. Bg5 Nbd7 6. Nf3 Be7 7. Nxf6+ Nxf6 8. Be2 0-0 9. 0-0 h6 10. Bh4 b6 11. c3 Bb7 12. Qc2 Be4 13. Qd2 Rc8 14. Rad1 Qd5 15. b3 Rfd8 16. c4 Qf5 17. Rc1 c5 18. Bg3 Bxf3 19. Bxf3 Rxd4 20. Qb2 Rcd8 21. Rfd1 Ne4 22. Rxd4 cxd4 23. Rd1 Nxg3 24. hxg3 e5 25. Qe2 Bd6 26. Be4 Qf6 27. Qf3 Qe7 28. Rd3 g6 29. Bd5 Bc7 30. Qg4 Kg7 31. Rf3 Rf8 32. Rd3 Bd6 33. Qe2 f5 0-1

[Event "Curitiba Sul Regional-ch"]
[Site "Curitiba"]
[Date "2015.07.10"]
[Round "2"]
[White "Santin, Thiago Cirino Sobri"]
[Black "Hengles, Roberto Carlos"]
[Result "0-1"]
[WhiteElo "1507"]
[BlackElo "1804"]
[PlyCount "90"]
[EventDate "2015.07.10"]
[EventType "swiss"]
[EventRounds "6"]
[EventCountry "BRA"]
[SourceTitle "EXT 2017"]
[Source "ChessBase"]
[SourceDate "2016.10.25"]
[SourceVersion "1"]
[SourceVersionDate "2016.10.25"]
[SourceQuality "1"]

1. c4 e5 2. Nc3 Nf6 3. Nf3 Nc6 4. d4 exd4 5. Nxd4 Nxd4 6. Qxd4 Be7 7. Bf4 0-0 8. Nd5 Nxd5 9. cxd5 Bf6 10. Be5 Bxe5 11. Qxe5 Re8 12. Qc3 d6 13. e3 Bf5 14. Bd3 Bxd3 15. Qxd3 Qf6 16. Qb3 Rab8 17. 0-0 c5 18. Qc3 Qe5 19. Qxe5 Rxe5 20. Rad1 b5 21. b3 a5 22. Rfe1 f5 23. f3 Kf7 24. e4 Rbe8 25. Kf2 fxe4 26. f4 Rf5 27. Ke3 g5 28. fxg5 Rxg5 29. Rf1+ Kg6 30. Rd2 Rf5 31. Rf4 Rxf4 32. Kxf4 e3 33. Re2 Re5 34. Rxe3 Rxd5 35. Re2 Kf6 36. g4 Rd4+ 37. Kf3 a4 38. h4 axb3 39. axb3 d5 40. Rf2 b4 41. h5 Kg5 42. Re2 Rf4+ 43. Kg3 Rxg4+ 44. Kf3 Rf4+ 45. Kg3 Re4 0-1

[Event "Florianopolis Cordioli Memorial"]
[Site "Florianopolis"]
[Date "2015.07.05"]
[Round "6"]
[White "Da Cruz, Karoliny Taiane"]
[Black "Hengles, Roberto Carlos"]
[Result "0-1"]
[WhiteElo "1827"]
[BlackElo "1804"]
[PlyCount "51"]
[EventDate "2015.07.03"]
[EventType "swiss"]
[EventRounds "7"]
[EventCountry "BRA"]
[SourceTitle "EXT 2016"]
[Source "ChessBase"]
[SourceDate "2015.10.08"]
[SourceVersion "1"]
[SourceVersionDate "2015.10.08"]
[SourceQuality "1"]

1. e4 d5 2. exd5 Qxd5 3. Nc3 Qa5 4. d4 Nf6 5. Bc4 Nc6 6. Qd3 Bf5 7. Qd2 0-0-0 8. Nf3 e5 9. d5 Bb4 10. 0-0 Bxc3 11. bxc3 Nxd5 12. Qg5 g6 13. Bxd5 Qxd5 14. Be3 Bxc2 15. a4 f5 16. Rfe1 f4 17. Bc1 h6 18. Qh4 g5 19. Qg4+ Qd7 20. Qxd7+ Rxd7 21. Bb2 Re8 22. h3 Bb3 23. Rec1 Rd3 24. a5 e4 25. Nh2 e3 26. fxe3 0-1

[Event "Florianopolis Cordioli Memorial"]
[Site "Florianopolis"]
[Date "2015.07.05"]
[Round "7"]
[White "Hengles, Roberto Carlos"]
[Black "Mariani, Daniel Brandao"]
[Result "1/2-1/2"]
[WhiteElo "1804"]
[BlackElo "1993"]
[PlyCount "84"]
[EventDate "2015.07.03"]
[EventType "swiss"]
[EventRounds "7"]
[EventCountry "BRA"]
[SourceTitle "EXT 2016"]
[Source "ChessBase"]
[SourceDate "2015.10.08"]
[SourceVersion "1"]
[SourceVersionDate "2015.10.08"]
[SourceQuality "1"]

1. e4 e6 2. d4 d5 3. Nd2 dxe4 4. Nxe4 Nd7 5. Bd3 Ngf6 6. Nf3 Nxe4 7. Bxe4 Nf6 8. Bd3 c5 9. 0-0 Be7 10. dxc5 Bxc5 11. Bg5 Qc7 12. Qd2 Bd7 13. Bf4 Bd6 14. Bxd6 Qxd6 15. Rfe1 Bc6 16. Ne5 Rd8 17. Nxc6 bxc6 18. Qg5 Qd5 19. Re5 Qd4 20. Rae1 0-0 21. b3 Rd5 22. Qe3 Qxe3 23. R5xe3 Rfd8 24. f3 Kf8 25. Kf2 Ke7 26. Bc4 Rd2+ 27. R1e2 Rxe2+ 28. Kxe2 Nd5 29. Bxd5 Rxd5 30. Re4 Kd6 31. Ra4 a5 32. a3 Kc7 33. b4 Kb6 34. c4 Re5+ 35. Kd2 axb4 36. axb4 Rh5 37. h3 Rg5 38. g4 Re5 39. Ra8 h5 40. Rf8 hxg4 41. hxg4 f6 42. Rb8+ Kc7 1/2-1/2

[Event "Campinas Fazer op"]
[Site "Campinas"]
[Date "2015.03.20"]
[Round "1"]
[White "Matsuura, Everaldo"]
[Black "Hengles, Roberto Carlos"]
[Result "1-0"]
[WhiteElo "2496"]
[BlackElo "1827"]
[PlyCount "69"]
[EventDate "2015.03.20"]
[EventType "swiss"]
[EventRounds "6"]
[EventCountry "BRA"]
[SourceTitle "EXT 2018"]
[Source "ChessBase"]
[SourceDate "2017.10.13"]
[SourceVersion "1"]
[SourceVersionDate "2017.10.13"]
[SourceQuality "1"]

1. d4 Nf6 2. c4 c5 3. e3 e6 4. Nc3 Be7 5. d5 exd5 6. cxd5 d6 7. Bd3 0-0 8. h3 Na6 9. Nf3 b6 10. 0-0 Bb7 11. e4 Nc7 12. Re1 a6 13. a3 Re8 14. b4 Ra7 15. Rb1 Bf8 16. Bf4 g6 17. Qd2 Bg7 18. bxc5 bxc5 19. Rb6 Nb5 20. Nxb5 Qxb6 21. Nxa7 Qxa7 22. Bxd6 Nd7 23. Qa5 Rc8 24. Rc1 Bh6 25. Rc2 Bg7 26. Bc4 h5 27. Bb3 Bf6 28. e5 Bd8 29. Qd2 Qb6 30. Bc4 a5 31. Rb2 Qa7 32. e6 Nf6 33. exf7+ Kxf7 34. Ne5+ Kg7 35. Bf8+ 1-0

[Event "Rio Claro op 1st"]
[Site "Rio Claro"]
[Date "2015.02.28"]
[Round "3"]
[White "Hengles, Roberto Carlos"]
[Black "Contato, Cristiano Carlos"]
[Result "1-0"]
[WhiteElo "1827"]
[BlackElo "1800"]
[PlyCount "61"]
[EventDate "2015.02.28"]
[EventType "swiss"]
[EventRounds "5"]
[EventCountry "BRA"]
[SourceTitle "CBM 165 Extra"]
[Source "ChessBase"]
[SourceDate "2015.04.21"]
[SourceVersion "1"]
[SourceVersionDate "2015.04.21"]
[SourceQuality "1"]

1. e4 e5 2. Nf3 Nc6 3. Bb5 Nge7 4. 0-0 g6 5. d4 exd4 6. Nxd4 Bg7 7. Nxc6 Nxc6 8. Bxc6 bxc6 9. c4 0-0 10. Nc3 d6 11. Be3 Be6 12. Qd3 Rb8 13. b3 c5 14. Rad1 f5 15. Qd2 Bxc3 16. Qxc3 fxe4 17. Bxc5 Qe7 18. Bxa7 Ra8 19. Be3 Rxa2 20. Ra1 Rfa8 21. Rxa2 Rxa2 22. Rb1 Qf7 23. Qd4 h5 24. Ra1 Rxa1+ 25. Qxa1 d5 26. c5 Kh7 27. h3 Bd7 28. Qe5 c6 29. Bd4 Qg8 30. Qe7+ Kh6 31. Qxd7 1-0

[Event "Rio Claro op 1st"]
[Site "Rio Claro"]
[Date "2015.02.28"]
[Round "2"]
[White "Rodrigues, Leonardo De Miranda"]
[Black "Hengles, Roberto Carlos"]
[Result "1-0"]
[WhiteElo "2133"]
[BlackElo "1827"]
[PlyCount "61"]
[EventDate "2015.02.28"]
[EventType "swiss"]
[EventRounds "5"]
[EventCountry "BRA"]
[SourceTitle "CBM 165 Extra"]
[Source "ChessBase"]
[SourceDate "2015.04.21"]
[SourceVersion "1"]
[SourceVersionDate "2015.04.21"]
[SourceQuality "1"]

1. Nf3 Nf6 2. b3 d5 3. Bb2 Nbd7 4. e3 c6 5. d4 e6 6. Bd3 Bd6 7. Nbd2 b6 8. 0-0 a5 9. Ne5 Qc7 10. f4 Ba6 11. c4 0-0 12. Rc1 Qb7 13. e4 Rfd8 14. Nxd7 Nxd7 15. e5 Be7 16. f5 exf5 17. Rxf5 Nf8 18. Qf3 Bb4 19. Nf1 Qe7 20. Rc2 Bc8 21. Rh5 a4 22. cxd5 cxd5 23. Bc1 axb3 24. axb3 Ba6 25. Bg5 Qa7 26. Bxd8 Rxd8 27. Ra2 Ba5 28. b4 Bxd3 29. Qxd3 g6 30. Rh3 Ne6 31. Qe3 1-0

[Event "BRA Cup para DV"]
[Site "Sao Caetano do Sul"]
[Date "2013.12.08"]
[Round "9"]
[White "Hengles, Roberto Carlos"]
[Black "Polo, Tiago Dias"]
[Result "1/2-1/2"]
[WhiteElo "1857"]
[BlackElo "1709"]
[PlyCount "100"]
[EventDate "2013.12.04"]
[EventType "tourn"]
[EventRounds "9"]
[EventCountry "BRA"]
[SourceTitle "EXT 2016"]
[Source "ChessBase"]
[SourceDate "2015.10.08"]
[SourceVersion "1"]
[SourceVersionDate "2015.10.08"]
[SourceQuality "1"]

1. e4 c5 2. Nf3 g6 3. c4 Bg7 4. d4 cxd4 5. Nxd4 Nc6 6. Be3 d6 7. Nc3 Nf6 8. Be2 0-0 9. 0-0 Bd7 10. Rc1 Nxd4 11. Bxd4 Bc6 12. Bf3 a5 13. Nd5 Nd7 14. Bxg7 Kxg7 15. Re1 e6 16. Nc3 Qe7 17. Rc2 Rfd8 18. Rd2 Nc5 19. Qe2 Rac8 20. Qe3 b6 21. Red1 Be8 22. Qf4 e5 23. Qe3 Bc6 24. Be2 Qc7 25. Bf3 Rb8 26. Qg5 Ne6 27. Qe3 Nd4 28. g4 b5 29. cxb5 Nxb5 30. Nxb5 Bxb5 31. Qa3 a4 32. g5 Rb6 33. h4 h6 34. Qe3 h5 35. Bg2 Bd7 36. Qa3 Be8 37. Bf1 Qd7 38. Rd5 Qg4+ 39. Bg2 Bc6 40. R5d3 Bxe4 41. f3 Bxf3 42. Rxf3 e4 43. Rff1 Rd7 44. Qe3 Rbb7 45. Qd4+ Kg8 46. Rde1 d5 47. b4 axb3 48. axb3 Rxb3 49. Rxe4 Qxe4 50. Bxe4 Rb8 1/2-1/2

[Event "BRA Cup para DV"]
[Site "Sao Caetano do Sul"]
[Date "2013.12.07"]
[Round "7"]
[White "Hengles, Roberto Carlos"]
[Black "Marques, Andre Rezende"]
[Result "0-1"]
[WhiteElo "1857"]
[BlackElo "1996"]
[PlyCount "83"]
[EventDate "2013.12.04"]
[EventType "tourn"]
[EventRounds "9"]
[EventCountry "BRA"]
[SourceTitle "EXT 2016"]
[Source "ChessBase"]
[SourceDate "2015.10.08"]
[SourceVersion "1"]
[SourceVersionDate "2015.10.08"]
[SourceQuality "1"]

1. e4 c6 2. d4 d5 3. e5 c5 4. Ne2 Nc6 5. c3 Bg4 6. f3 Bd7 7. dxc5 Nxe5 8. Nd4 e6 9. Nb5 Bxb5 10. Bxb5+ Nc6 11. Qa4 Qd7 12. 0-0 Nf6 13. b4 Be7 14. Be3 0-0 15. Qc2 a6 16. Ba4 Qc7 17. Nd2 Nd7 18. Nb3 Bf6 19. Nd4 Be5 20. f4 Nxd4 21. cxd4 Bf6 22. Rf3 Rac8 23. Rc1 Rfd8 24. Rh3 g6 25. g4 Nf8 26. Qf2 Qe7 27. Bc2 Bg7 28. Kh1 f5 29. Rg1 Qf6 30. g5 Qf7 31. Qd2 Nd7 32. Rhg3 Nb8 33. h4 Nc6 34. Ba4 Ne7 35. h5 Rf8 36. hxg6 hxg6 37. Rh3 Nc6 38. Bf2 Ne7 39. Bd1 Rfd8 40. Rg2 Kf8 41. Bg1 Qg8 42. Rh7 0-1

[Event "BRA Cup para DV"]
[Site "Sao Caetano do Sul"]
[Date "2013.12.05"]
[Round "3"]
[White "Hengles, Roberto Carlos"]
[Black "Lopes, Davi De Souza"]
[Result "1-0"]
[WhiteElo "1857"]
[BlackElo "1884"]
[PlyCount "30"]
[EventDate "2013.12.04"]
[EventType "tourn"]
[EventRounds "9"]
[EventCountry "BRA"]
[SourceTitle "EXT 2016"]
[Source "ChessBase"]
[SourceDate "2015.10.08"]
[SourceVersion "1"]
[SourceVersionDate "2015.10.08"]
[SourceQuality "1"]

1. e4 c5 2. Nf3 d6 3. d4 cxd4 4. Nxd4 Nf6 5. Nc3 g6 6. Be3 Bg7 7. f3 0-0 8. Bc4 Nc6 9. Qd2 Bd7 10. 0-0-0 Rc8 11. Bd3 Ne5 12. Kb1 Nc4 13. Bxc4 Rxc4 14. g4 Qa5 15. Nd5 Nxd5 1-0

[Event "BRA Cup para DV"]
[Site "Sao Caetano do Sul"]
[Date "2013.12.05"]
[Round "4"]
[White "Silva, Rodrigo Souza"]
[Black "Hengles, Roberto Carlos"]
[Result "0-1"]
[WhiteElo "1875"]
[BlackElo "1857"]
[PlyCount "72"]
[EventDate "2013.12.04"]
[EventType "tourn"]
[EventRounds "9"]
[EventCountry "BRA"]
[SourceTitle "EXT 2016"]
[Source "ChessBase"]
[SourceDate "2015.10.08"]
[SourceVersion "1"]
[SourceVersionDate "2015.10.08"]
[SourceQuality "1"]

1. d4 Nf6 2. Nc3 d5 3. Bg5 Nbd7 4. Qd2 h6 5. Bh4 c6 6. f3 b5 7. a3 e6 8. e4 g5 9. exd5 gxh4 10. dxc6 Nb8 11. Bxb5 Qc7 12. d5 Nxd5 13. 0-0-0 Nxc3 14. Qxc3 Rg8 15. Qd4 Rg5 16. c4 Bg7 17. Qe4 Rxg2 18. Ne2 a6 19. Ba4 Ra7 20. f4 Rxe2 21. Qxe2 Qxf4+ 22. Qd2 Qxd2+ 23. Rxd2 Rc7 24. Rg1 Bf8 25. Rg4 Nxc6 26. Rxh4 Bd7 27. b4 Ne5 28. Bxd7+ Nxd7 29. Kc2 Ne5 30. Rhd4 Nxc4 31. Kb3 Nxd2+ 32. Rxd2 f5 33. a4 Rb7 34. Rd4 Rxb4+ 35. Rxb4 Bxb4 36. Kxb4 f4 0-1

[Event "American blind and visually impaired"]
[Site "Santa Marta"]
[Date "2013.11.03"]
[Round "7.2"]
[White "Hengles, Roberto Carlos"]
[Black "Rico Hernandez, Edgar"]
[Result "1/2-1/2"]
[WhiteElo "1871"]
[BlackElo "1877"]
[PlyCount "53"]
[EventDate "2013.10.31"]
[EventType "swiss"]
[EventRounds "7"]
[EventCountry "COL"]
[SourceTitle "EXT 2024"]
[Source "ChessBase"]
[SourceDate "2023.10.10"]
[SourceVersion "1"]
[SourceVersionDate "2023.10.10"]
[SourceQuality "1"]

1. e4 c6 2. d4 d5 3. e5 Bf5 4. Be2 e6 5. Nf3 Nd7 6. 0-0 Ne7 7. Nh4 Bg6 8. Nd2 c5 9. c3 Nc6 10. Nxg6 hxg6 11. Nf3 Be7 12. Be3 a6 13. a4 Rc8 14. g3 Qb6 15. dxc5 Bxc5 16. a5 Qc7 17. Bxc5 Nxc5 18. h4 Nxe5 19. Ng5 Ncd7 20. h5 gxh5 21. Bxh5 g6 22. Be2 Nc6 23. Qa4 Kf8 24. Kg2 Qe5 25. Rh1 Kg7 26. Rxh8 Rxh8 27. Bxa6 1/2-1/2

[Event "American blind and visually impaired"]
[Site "Santa Marta"]
[Date "2013.11.02"]
[Round "5.9"]
[White "Navas, Gildardo"]
[Black "Hengles, Roberto Carlos"]
[Result "0-1"]
[WhiteElo "1534"]
[BlackElo "1871"]
[PlyCount "46"]
[EventDate "2013.10.31"]
[EventType "swiss"]
[EventRounds "7"]
[EventCountry "COL"]
[SourceTitle "EXT 2024"]
[Source "ChessBase"]
[SourceDate "2023.10.10"]
[SourceVersion "1"]
[SourceVersionDate "2023.10.10"]
[SourceQuality "1"]

1. e4 d5 2. exd5 Qxd5 3. Nc3 Qa5 4. Nf3 Nf6 5. Be2 Bg4 6. h3 Bh5 7. 0-0 e6 8. Nd4 Bxe2 9. Qxe2 c6 10. Re1 Be7 11. d3 Qd8 12. Nf3 0-0 13. Bg5 Nbd7 14. Ne5 Nxe5 15. Qxe5 h6 16. Bh4 Qd7 17. Ne4 Nxe4 18. Bxe7 Qxe7 19. Rxe4 Rad8 20. Rae1 Rd5 21. Qc3 Rfd8 22. R1e3 f5 23. Rxe6 Qxe6 0-1

[Event "Americana Paulista op"]
[Site "Americana"]
[Date "2013.09.22"]
[Round "6"]
[White "Bonvini, Alberto Tonhati"]
[Black "Hengles, Roberto Carlos"]
[Result "1/2-1/2"]
[WhiteElo "1687"]
[BlackElo "1871"]
[PlyCount "52"]
[EventDate "2013.09.20"]
[EventType "swiss"]
[EventRounds "6"]
[EventCountry "BRA"]
[SourceTitle "CBM 156 Extra"]
[Source "ChessBase"]
[SourceDate "2013.10.22"]
[SourceVersion "1"]
[SourceVersionDate "2013.10.22"]
[SourceQuality "1"]

1. e4 d5 2. exd5 Qxd5 3. Nc3 Qa5 4. d4 Nf6 5. Bd2 Qb6 6. Nf3 Bg4 7. Bd3 c6 8. Na4 Qc7 9. 0-0 Nbd7 10. c4 e6 11. Nc3 Be7 12. Be3 0-0 13. h3 Bh5 14. Rc1 Qa5 15. Be2 Rfd8 16. Qc2 Rac8 17. a3 Qa6 18. Qa4 Qxa4 19. Nxa4 c5 20. Rfd1 cxd4 21. Bxd4 b6 22. b4 Bd6 23. c5 Bf4 24. Be3 Bxe3 25. fxe3 Nd5 26. Re1 Kf8 1/2-1/2